000
00324 a2200157 4500
001
150894
040
_c
Escola São Tomás de Aquino
100
_a
LUDEMIR, Julio
240
1
0
_a
Mais um pai
_l
por
245
1
0
_a
Mais um pai
300
_a
71
362
0
_a
2005
440
1
_a
Scipione
697
_a
Psicologia
942
_c
BK
999
_c
150894
_d
150894